00841nam a2200241Ia 450000100060000000300090000600800410001504000130005604000130006904100130008210000190009510000290011424501120014324500650025525000110032026000100033126000110034126000490035230000580040150000840045965000250054365000310056835065IT-RoPAU130308s9999 xx 000 0 und d aIT-RoPAU cIT-RoPAU aFRANCESE aDanchin Pierre gCodice Aut. SPICS: 16643 aLiens entre rhetorique et communication dans les prologues et epilogues de la restauration 1660-1670 (Les) bRhetorique et Communication (Actes Du congres de Rouen 1976) a1a ed. aPARIS bDidier c1979 [1° Ed.:1979 - Ed.Ling.Originale:1976] a"20 p. (prefazione: no ; testo: 20 [pagine: 81-100])" aRetorica e Comunicazione Nei Prologhi ed Epiloghi della restaurazione 1660 1670 aSAGGI DI LINGUISTICA eCodice materia Spics: 3207